| 000 | 00617nam a2200217Ia 4500 | ||
|---|---|---|---|
| 008 | 160517s9999 xx 000 0 und d | ||
| 050 | _aHD 28 | ||
| 050 | _b.M112 2016 | ||
| 100 | _aMabbun, Paul Dominick P. | ||
| 245 | _aBlood bank inventory management system for ospital ng Maynila / | ||
| 245 | _cPaul Dominick P. Mabbun. | ||
| 260 | _aLas PiƱas, Philippines : | ||
| 260 | _bSISC, | ||
| 260 | _c2016. | ||
| 300 | _a131 pages : | ||
| 300 | _billustrations ; | ||
| 300 | _c28 cm. | ||
| 500 | _aIncludes bibliographical references and appendices. | ||
| 521 | _aInformation Technology | ||
| 942 | _cTH | ||
| 999 |
_c293954 _d293954 |
||